000
00292nam a22001217a 4500
008
170131b xxu||||| |||| 00| 0 eng d
041
_a
eng
080
_a
61
100
_a
3
101
_a
SHM
245
_a
A COMPLETE CONCORDANCE TO THE WRITINGS OF MARY BAKER EDDY
_c
EDDY, M.B
942
_2
udc
_c
BK
999
_c
4130
_d
4130